Các câu hỏi đáp trong lĩnh vực quản trị kinh doanh : Tri thức bách khoa về sinh học và đời sống
Sách cung cấp các câu hỏi và giải pháp về sinh học, đời sống hằng ngày về lĩnh vực quản trị kinh doanh.
Salvato in:
| Autore principale: | |
|---|---|
| Natura: | Libro |
| Lingua: | Undetermined |
| Pubblicazione: |
Hà Nội
Giao thông vận tải
2005
|
| Soggetti: | |
| Tags: |
Aggiungi Tag
Nessun Tag, puoi essere il primo ad aggiungerne! !
|
| Thư viện lưu trữ: | Trung tâm Học liệu Trường Đại học Cần Thơ |
|---|
| LEADER | 00885nam a2200217Ia 4500 | ||
|---|---|---|---|
| 001 | CTU_101222 | ||
| 008 | 210402s9999 xx 000 0 und d | ||
| 020 | |c 48000 | ||
| 082 | |a 658 | ||
| 082 | |b Tr300 | ||
| 100 | |a Trí Dũng | ||
| 245 | 0 | |a Các câu hỏi đáp trong lĩnh vực quản trị kinh doanh : | |
| 245 | 0 | |b Tri thức bách khoa về sinh học và đời sống | |
| 245 | 0 | |c Trí Dũng | |
| 260 | |a Hà Nội | ||
| 260 | |b Giao thông vận tải | ||
| 260 | |c 2005 | ||
| 520 | |a Sách cung cấp các câu hỏi và giải pháp về sinh học, đời sống hằng ngày về lĩnh vực quản trị kinh doanh. | ||
| 650 | |a Business administration,Business management,Địa chỉ kinh doanh,Quản trị kinh doanh | ||
| 904 | |i Kiều Nguyên | ||
| 980 | |a Trung tâm Học liệu Trường Đại học Cần Thơ | ||